Statystyki dla Kolory Świata

Kliknij tutaj aby rozwiązać quiz!

Ogólne statystyki

  • Ten quiz został rozwiązany 2 105 razy
    (1 836 od ostatniego zresetowania)
  • Średni wynik to 40 z 164

Statystyki odpowiedzi

Kolory% Poprawnych
34czarny
93%
38czerwony
93%
9.biały
92%
96niebieski
92%
160zielony
91%
164(druk) żółty
89%
163żółty
89%
27cukierkowy róż
87%
117indyjski róż
87%
73lila róż
87%
118pompejański róż
87%
119wenecki róż
87%
41fioletowy
86%
111pomarańczowy
85%
138szary
81%
17.brązowy
79%
46granatowy
72%
162złoty
66%
11.królewski błękit
61%
12.paryski błękit
61%
13.pruski błękit
61%
14.Thénarda błękit
61%
15.Turnbulla błękit
61%
120różowy
59%
133srebrny
59%
8.beżowy
54%
146turkusowy
51%
16.bordowy
49%
67kremowy
44%
93morski
43%
115purpurowy
36%
87miętowy
34%
83malinowy
33%
74liliowy
31%
75limonkowy
31%
33cytrynowy
30%
76łososiowy
26%
140szmaragdowy
26%
145truskawkowy
26%
124seledynowy
25%
152wiśniowy
25%
19.brzoskwiniowy
24%
7.bananowy
23%
21.burgund
23%
155butelkowa zieleń
23%
42fiołkowy
23%
35czekoladowy
22%
62khaki
22%
121rubinowy
22%
122rudy
22%
43fuksja
21%
128siwy
21%
3amarantowy
20%
39écru
20%
51indygo
20%
69lawendowy
20%
86miedziany
20%
108pistacjowy
20%
28cyjan
19%
29(druk) cyjan
19%
45grafitowy
19%
52jagodowy
19%
61kawowy
19%
159zgniła zieleń
19%
18.brunatny
18%
78(druk) magenta
18%
77(HTML) magenta
18%
58karmazynowy
18%
65koralowy
18%
100oliwkowy
18%
4.ametystowy
17%
141śliwkowy
17%
136szafirowy
17%
25.chabrowy
16%
26cielisty
16%
156jaskrawa zieleń
16%
107piaskowy
16%
157Veronese’a zieleń
16%
158wiosenna zieleń
16%
22.bursztynowy
15%
68krwisty
15%
71lazurowy
15%
84marchewkowy
15%
92morelowy
15%
106perłowy
15%
36wzrokowa czerwień
15%
37żelazowa czerwień
15%
60kasztanowy
14%
102orzechowy
14%
109platynowy
14%
112popielaty
14%
1akwamaryna
13%
20.buraczkowy
13%
89miodowy
13%
90mleczny
13%
50herbaciany
12%
55kakaowy
12%
2alabastrowy
11%
10.biskupi
11%
24.ceglasty
11%
63kobaltowy
11%
66kość słoniowa
11%
6.atramentowy
10%
23.bury
10%
49heban, hebanowy
10%
54jaśminowy
10%
56kanarkowy
10%
72lila
10%
134stalowy
10%
154wrzosowy
10%
5.antracytowy
9%
31cynamonowy
9%
44gołębi
9%
47groszkowy
9%
79mahoń, mahoniowy
9%
101oranż
9%
114poziomkowy
9%
116rdzawy
9%
59karminowy
8%
81makowy
8%
82malachitowy
8%
127siny
8%
149ultramaryna
8%
151winny
8%
40eozyna
7%
80majtkowy
7%
91modry
7%
95mysi
7%
130słomkowy
7%
161złocisty
7%
30cyklamen
6%
48grynszpan
6%
53jasnożółty
6%
57kardynalski
6%
70lapis-lazuli
6%
99ochra
6%
104patynowy
6%
113porcelanowy
6%
32cynobrowy
5%
64koniakowy
5%
94mosiądzowy
5%
97niebieskofioletowy
5%
98oberżynowy
5%
103palisander
5%
105pąsowy
5%
110płowy
5%
126siarkowy
5%
137szafranowy
5%
143tabaczkowy
5%
144tango
5%
147tycjan
5%
148ugier
5%
150umbra
5%
88minia
4%
123sadza angielska
4%
125sepia
4%
129sjena palona
4%
131smolisty
4%
132spiżowy
4%
135stare złoto
4%
142świniowy
4%
139szkarłatny żołądź
4%
153woskowy
4%
85marengo
3%

Rozkład punktacji

Percentyl według liczby udzielonych odpowiedzi

Procent ludzi z każdym wynikiem

Twoja historia wyników

Nie rozwiązałeś tego quizu od ostatniego zresetowania